000 00389nam a22001457a 4500
020 _a9789382443483
082 _aS 891.2
_bUDA/S
100 _aUday Shankar Jha
245 _aSamskrit nibhand - manjusha/
_cby Uday Shankar Jha
260 _aVaranasi:
_bChaukhamba Surbharati Prakashan,
_c2025.
300 _a431p.
650 _aLiterature Sanskrit
650 _aLiterature
942 _cBK
999 _c181288
_d181288